000 00737nam a2200217 i 4500
001 184379
003 ES-MaACL
005 20250728110245.0
008 150731s1960 ag |||| | spa d
080 _a159.942:2
080 _a28:1
100 1 _aKierkegaard, Søren (
_d1813-1855)
_968014
245 1 3 _aEl amor y la religión
_b: (puntos de vista) /
_cSören Kierkegaard ; traducción de Juana Castro.
260 _aBuenos Aires :
_bSantiago Rueda,
_c[1960]
300 _a172 p. ;
_c21 cm.
650 4 _aAmor-
_xAspectos religiosos.
_99755
650 0 7 _aReligión y filosofía
_2embne
_916811
700 1 _aCastro, Juana.
_936874
852 _aES-MaACL
_jL-30131
_z.- Donat. Miguel A. Velasco
999 _c184379
_d184379